000 00294nam a2200121Ia 4500
008 190216s9999||||xx |||||||||||||| ||und||
100 _aNair M R
245 0 _aMalayalam-Sanjayan Vol I
260 _bMathrubhumi Printing &publishing
_c1971
300 _a745
650 _aMalayalam
942 _cBK
999 _c25023
_d25023